000 00292nam a22001337a 4500
999 _c54983
_d54983
008 200204b ||||| |||| 00| 0 eng d
041 _aeng
080 _a043.3
082 _a043.3
100 _a0
101 _aBTH
245 _aMbrojtja dhe Ndihma e Viktimave
_cImeri,R
942 _2udc
_cBK